Hard to spell countries - Statistics

General Stats
  • This quiz has been taken 49 times
  • The average score is 5 of 7
Answer Stats
Picture Answer % Correct
Kyrgyzstan
87%
Azerbaijan
85%
Liechtenstein
82%
Kazakhstan
77%
Bosnia and Herzegovina
64%
Djibouti
56%
Cote D'Ivoire
51%
No matching quizzes found
Score Distribution
Percent of People with Each Score
Percentile by Number Answered
Your Score History
You have not taken this quiz